Ternakan Burung Layang-Layang Kesan Kepada Harga Hartanah Berkenaan

Bibliographic Details
Main Author: Mazli Bin Muhammad Nor
Format: Book
Published: 2007
Subjects:

MARC

LEADER 00000cam a2200000 7i4500
001 0000023755
005 20111102.0
040 |a INS 
090 0 0 |a KK352 
100 1 |a Mazli Bin Muhammad Nor 
245 1 0 |a Ternakan Burung Layang-Layang Kesan Kepada Harga Hartanah Berkenaan   |c Mazli Bin Muhammad Nor 
260 |a 2007 
300 |a i, 18p. ;   |c 29.5cm. 
650 0 |a Birds 
650 0 |a Swallows 
999 |a KK00000791   |b BOOK   |c Project papers   |e Default branch